[Event "AUTO-BEG-404"]
[Site "http://www.queenalice.com/game.php?id=792199"]
[Date "2010.6.19"]
[Round "1"]
[White "Eden_Pelleg"]
[Black "PU1JQF"]
[Result "1-0"]
[WhiteElo "1272"]
[BlackElo "1326"]

1. e4 e5 2. Nf3 Nc6 3. Bc4 Qe7 4. d4 Qb4+ 5. Nbd2 exd4 6. O-O d6 7. a3 Qc5 8. b4
Qh5 9. Nb3 Bg4 10. Be2 O-O-O 11. Nfxd4 g6 12. Bxg4+ Rd7 13. Bxh5 gxh5 14. Nxc6
bxc6 15. Qxh5 Nf6 16. Qf5 Rg8 17. Bg5 Be7 18. Bxf6 1-0

[Event "AUTO-BEG-404"]
[Site "http://www.queenalice.com/game.php?id=792200"]
[Date "2010.6.19"]
[Round "1"]
[White "PU1JQF"]
[Black "Eden_Pelleg"]
[Result "0-1"]
[WhiteElo "1427"]
[BlackElo "1309"]

1. e4 e5 2. d3 Nf6 3. Nf3 Nc6 4. Be3 b6 5. Be2 Bb7 6. O-O Bd6 7. Nc3 O-O 8. Ng5
h6 9. Nh3 Qe7 10. d4 Nxd4 11. Bxd4 exd4 12. Nb5 Nxe4 13. Qxd4 Nc5 14. Rae1 Ne6
15. Qg4 a6 16. Bd3 axb5 17. Ng5 hxg5 18. Re3 g6 19. Bxg6 fxg6 20. Rh3 Qg7 21. f4
Nxf4 22. Rhf3 Bxf3 23. Qxf3 Rxa2 24. Qg4 Rxb2 25. Qxg5 Rxc2 26. Qxb5 Rxg2+ 27.
Kh1 Qh6 28. Rxf4 Qxh2# 0-1

[Event "AUTO-INT-1751"]
[Site "http://www.queenalice.com/game.php?id=800443"]
[Date "2010.7.8"]
[Round "1"]
[White "damanegra64"]
[Black "Eden_Pelleg"]
[Result "1-0"]
[WhiteElo "1374"]
[BlackElo "1456"]

1. d4 Nf6 2. c4 e6 3. Nc3 Nc6 4. Nf3 b6 5. e4 Bb4 6. Bd3 Bb7 7. O-O O-O 8. a3
Bxc3 9. bxc3 d5 10. e5 Ne4 11. cxd5 Qxd5 12. c4 Qa5 13. Bxe4 Qa6 14. Bxh7+ Kxh7
15. Ng5+ Kg8 16. Qh5 Rfd8 17. Qxf7+ Kh8 18. Nxe6 Rd7 19. Qxd7 Rg8 20. Qf7 Qxc4
21. Qh5# 1-0

[Event "AUTO-INT-1751"]
[Site "http://www.queenalice.com/game.php?id=800444"]
[Date "2010.7.8"]
[Round "1"]
[White "Eden_Pelleg"]
[Black "damanegra64"]
[Result "0-1"]
[WhiteElo "1437"]
[BlackElo "1393"]

1. e4 c5 2. c3 Nc6 3. d4 cxd4 4. cxd4 e6 5. Nf3 d5 6. e5 Nge7 7. Bd3 Qb6 8. Be2
Bd7 9. b3 Nf5 10. Bb2 Bb4+ 11. Kf1 O-O 12. a3 Be7 13. a4 a6 14. Bc3 Rac8 15. a5
Qd8 16. Bd3 Nh4 17. Nxh4 Bxh4 18. Qh5 g6 19. Qg4 f5 20. exf6 Qxf6 21. g3 Qxf2#
0-1

[Event "AUTO-INT-1751"]
[Site "http://www.queenalice.com/game.php?id=800455"]
[Date "2010.7.8"]
[Round "1"]
[White "cass"]
[Black "Eden_Pelleg"]
[Result "0-1"]
[WhiteElo "1668"]
[BlackElo "1431"]

1. e4 e5 2. Nf3 Nc6 3. Bc4 h6 4. c3 d6 5. d4 f6 6. O-O b6 7. b3 Bb7 8. Ba3 Na5
9. Bd3 Ne7 10. Nh4 g5 11. Nf5 Nxf5 12. exf5 Qd7 13. Qh5+ Qf7 14. Qe2 O-O-O 15.
Ba6 Qd5 16. Bxb7+ Nxb7 17. Qa6 Kb8 18. Rd1 Qe4 19. Nd2 Qxf5 20. Nf3 c5 21. b4
cxd4 22. cxd4 e4 23. Ne1 d5 24. Rac1 Bd6 25. b5 Bxa3 26. Qxa3 Rc8 27. Nc2 Na5
28. Qd6+ Ka8 29. Ne3 Rxc1 30. Rxc1 Rc8 31. Rxc8+ Qxc8 32. Nxd5 Qc1# 0-1

[Event "AUTO-INT-1751"]
[Site "http://www.queenalice.com/game.php?id=800456"]
[Date "2010.7.8"]
[Round "1"]
[White "Eden_Pelleg"]
[Black "cass"]
[Result "1-0"]
[WhiteElo "1449"]
[BlackElo "1627"]

1. d4 d5 2. Nc3 e6 3. Bf4 c5 4. Nb5 Na6 5. e3 Bd7 6. Bd6 Qa5+ 7. Qd2 Qb6 8. dxc5
Qc6 9. Qa5 b6 10. Qxa6 Bxd6 11. Nxd6+ Ke7 12. b4 bxc5 13. Qxc6 Bxc6 14. bxc5 Nf6
15. Nb5 Nd7 16. Nd4 Ba4 17. c6 e5 18. cxd7 exd4 19. exd4 Kxd7 20. Bd3 Rae8+ 21.
Ne2 Re7 22. c4 Bc6 23. cxd5 Bxd5 24. O-O h5 25. Rfb1 h4 26. Nf4 Be4 27. Bxe4
Rxe4 28. Rb7+ Kc8 29. Rxf7 Rxd4 30. Rc1+ Kb8 31. g3 h3 32. Rxg7 Rhd8 33. Nxh3 a5
34. Rg5 a4 35. Rb5+ Ka7 36. f4 Ka6 37. Rh5 a3 38. f5 Rd2 39. Ra1 R8d5 40. g4 Re2
41. Nf4 Ree5 42. Nxd5 Rxd5 43. f6 Rd7 44. Rf1 Rd2 45. f7 Rd8 46. f8=Q Rxf8 47.
Rxf8 1-0

[Event "AUTO-INT-1751"]
[Site "http://www.queenalice.com/game.php?id=800463"]
[Date "2010.7.8"]
[Round "1"]
[White "Eden_Pelleg"]
[Black "juim"]
[Result "1-0"]
[WhiteElo "1336"]
[BlackElo "1666"]

1. e4 e5 2. Nf3 d6 3. Nc3 Nf6 4. b3 Nc6 5. Bb2 Be7 6. Bc4 Bg4 7. h3 Bxf3 8. Qxf3
Na5 9. Qd3 Nxc4 10. Qxc4 O-O 11. O-O-O Nh5 12. g3 Bf6 13. Nd5 c6 14. Nxf6+ Nxf6
15. f4 exf4 16. gxf4 Nh5 17. f5 Qh4 18. Qd4 Ng3 19. Qxg7# 1-0

[Event "AUTO-INT-1751"]
[Site "http://www.queenalice.com/game.php?id=800464"]
[Date "2010.7.8"]
[Round "1"]
[White "juim"]
[Black "Eden_Pelleg"]
[Result "0-1"]
[WhiteElo "1747"]
[BlackElo "1472"]

1. e4 d5 2. exd5 Qxd5 3. Nf3 Nf6 4. Be2 Bg4 5. O-O e5 6. Re1 e4 7. c4 Qd6 8. Nh4
Qe6 9. Nc3 g5 10. Bxg4 Nxg4 11. Rxe4 Ne5 12. Qe1 Nbc6 13. Nf3 Bg7 14. Nd5 O-O-O
15. Nxg5 Qg6 16. d4 Nd3 17. Ne7+ Nxe7 18. Qa5 Bxd4 19. Rxe7 Qb6 20. Qf5+ Kb8 21.
Re2 Rde8 22. Qxd3 Rxe2 23. Qxe2 Qc6 24. Be3 Rg8 25. g3 Bxe3 26. Qxe3 Qxc4 27.
Ne4 Re8 28. f3 Qb4 29. b3 f5 30. Rc1 fxe4 31. Rc4 Qb6 32. Qxb6 axb6 33. fxe4 b5
34. Rd4 c5 35. Rd5 b6 36. e5 Kc7 37. h4 Kc6 38. Rd3 Rxe5 39. Rf3 c4 40. Rc3 Kc5
41. a3 Kd4 42. Rf3 c3 43. Rf2 Rc5 44. Rf4+ Kd3 45. Rf3+ Kc2 46. b4 Rc4 47. Rf5
Kb3 48. Rxb5 c2 49. a4 c1=Q+ 50. Kh2 Rxb4 51. Rf5 Qc2+ 0-1

[Event "Challenge"]
[Site "http://www.queenalice.com/game.php?id=819934"]
[Date "2010.8.18"]
[Round "-"]
[White "Eden_Pelleg"]
[Black "LukeKovacs"]
[Result "1-0"]
[WhiteElo "1543"]
[BlackElo "1254"]

1. e4 e5 2. Nf3 Nc6 3. Bc4 d6 4. d3 Nf6 5. Ng5 Bg4 6. f3 Be6 7. Bxe6 fxe6 8.
Nxe6 Qe7 9. Nxf8 Qxf8 10. Nc3 O-O-O 11. Be3 h6 12. Qd2 g5 13. O-O h5 14. Bxg5
Rg8 15. Nd5 Qg7 16. Bxf6 Qg6 17. Bxd8 Rxd8 18. Qc3 Rg8 19. Rf2 h4 20. Qxc6 Rg7
21. Qa4 h3 22. g4 c6 23. Nc3 b6 24. Qxc6+ Rc7 25. Nd5 Rxc6 26. Ne7+ Kd7 27. Nxg6
Kc7 28. c4 Kb7 29. g5 1-0

[Event "AUTO-INT-1811"]
[Site "http://www.queenalice.com/game.php?id=828713"]
[Date "2010.9.6"]
[Round "1"]
[White "Severynnas"]
[Black "Eden_Pelleg"]
[Result "1-0"]
[WhiteElo "1257"]
[BlackElo "1547"]

1. d4 e6 2. c4 c5 3. e4 cxd4 4. Qxd4 Nc6 5. Qc3 Bb4 6. Bd2 Bxc3 7. Bxc3 Nf6 8.
Nd2 O-O 9. O-O-O Ng4 10. Nh3 Qb6 11. f3 Ne3 12. Re1 Nxf1 13. Rexf1 Qa6 14. g4
Qxa2 15. Ng5 h6 16. Nh3 b6 17. Kc2 Qa4+ 18. b3 Nb4+ 19. Bxb4 Qxb4 20. f4 Bb7 21.
Nb1 Bxe4+ 22. Kc1 Bxh1 23. Rxh1 Qc5 24. f5 Qe3+ 25. Kd1 Qxh3 26. Nd2 Qxg4+ 27.
Kc2 Qxf5+ 28. Kd1 Rac8 29. h3 Qa5 30. Rh2 Qa1+ 31. Ke2 Qe5+ 32. Kf2 Qxh2+ 33.
Kf1 Qxd2 34. h4 Rc5 35. b4 1-0

[Event "AUTO-INT-1811"]
[Site "http://www.queenalice.com/game.php?id=828714"]
[Date "2010.9.6"]
[Round "1"]
[White "Eden_Pelleg"]
[Black "Severynnas"]
[Result "1-0"]
[WhiteElo "1547"]
[BlackElo "1579"]

1. e4 g6 2. g4 Bg7 3. d4 d6 4. f3 Nc6 5. d5 Ne5 6. Nc3 Nf6 7. Bf4 Nc6 8. dxc6
bxc6 9. Bc4 O-O 10. Qd2 Bb7 11. O-O-O c5 12. Nh3 e5 13. Bh6 Bxh6 14. Qxh6 a5 15.
Nd5 Re8 16. Ng5 c6 17. Nxf6+ Kh8 18. Qxh7# 1-0

[Event "AUTO-INT-1811"]
[Site "http://www.queenalice.com/game.php?id=828731"]
[Date "2010.9.6"]
[Round "1"]
[White "Eden_Pelleg"]
[Black "PU1JQF"]
[Result "1-0"]
[WhiteElo "1503"]
[BlackElo "1443"]

1. e4 e5 2. Nf3 Qe7 3. Bc4 Qc5 4. d3 Nf6 5. Be3 Qb4+ 6. Nbd2 d6 7. b3 b5 8. a3
Qa5 9. b4 Qa6 10. Bb3 Nc6 11. c4 Ng4 12. cxb5 Qxb5 13. Ba4 Qxd3 14. Bxc6+ Bd7
15. Bxa8 Bb5 16. a4 Nxf2 17. Bxf2 Qc3 18. axb5 Qxb4 19. Rb1 Qc3 20. Rb3 Qa5 21.
O-O Be7 22. Bc6+ Kd8 23. Nc4 Qa2 24. Bd5 a6 25. Ra3 Qxa3 26. Nxa3 g5 27. bxa6
Kd7 28. Qa4+ Kc8 29. a7 c6 30. a8=Q+ Kd7 31. Q4a7# 1-0

[Event "AUTO-INT-1811"]
[Site "http://www.queenalice.com/game.php?id=828732"]
[Date "2010.9.6"]
[Round "1"]
[White "PU1JQF"]
[Black "Eden_Pelleg"]
[Result "0-1"]
[WhiteElo "1427"]
[BlackElo "1517"]

1. e4 e5 2. Bd3 d5 3. Nf3 dxe4 4. Bxe4 Nf6 5. Bd3 e4 6. Bb5+ c6 7. Bc4 exf3 8.
Qxf3 Bc5 9. Qe2+ Qe7 10. d3 Qxe2+ 11. Kxe2 O-O 12. Bg5 Nbd7 13. Nd2 Re8+ 14. Ne4
Nxe4 15. Kf3 Nxg5+ 16. Kg4 h6 17. Rhe1 Rxe1 18. Rxe1 Ne5+ 19. Kf4 Ng6+ 20. Kg3
Bd6+ 21. f4 Bxf4+ 22. Kf2 Bxh2 23. Re8+ Kh7 24. b4 Ne5 25. Bb3 Ng4+ 26. Ke2 Nf6
27. Rd8 Bg4+ 28. Kf2 Rxd8 29. d4 Rxd4 30. c4 Nh5 31. a3 Bf4 32. Bc2+ f5 33. Bb3
Ne4+ 34. Ke1 Bd2+ 35. Kf1 Nhg3+ 36. Kg1 Be3+ 37. Kh2 Nf1+ 38. Kh1 Neg3# 0-1

[Event "AUTO-BEG-404"]
[Site "http://www.queenalice.com/game.php?id=854217"]
[Date "2010.11.3"]
[Round "2"]
[White "Eden_Pelleg"]
[Black "Snoopy_GM"]
[Result "0-1"]
[WhiteElo "1564"]
[BlackElo "1845"]

1. e4 e5 2. Nf3 Nc6 3. Bb5 Nge7 4. O-O g6 5. Nc3 Bg7 6. b3 O-O 7. Bb2 d6 8. Nd5
Nxd5 9. exd5 Ne7 10. d4 e4 11. Ng5 Nxd5 12. Bc4 Qxg5 13. Bc1 e3 14. Bxe3 Nxe3
15. fxe3 Qxe3+ 16. Rf2 Bxd4 17. Qf1 Bxa1 18. Qxa1 Be6 19. Qf6 Bxc4 20. bxc4 Rae8
21. h4 Re5 22. Qf3 Qxf3 23. Rxf3 Re2 0-1

[Event "AUTO-BEG-404"]
[Site "http://www.queenalice.com/game.php?id=854218"]
[Date "2010.11.3"]
[Round "2"]
[White "Snoopy_GM"]
[Black "Eden_Pelleg"]
[Result "1-0"]
[WhiteElo "1881"]
[BlackElo "1565"]

1. d4 Nf6 2. c4 e6 3. Nc3 d5 4. cxd5 exd5 5. Bg5 Be7 6. Nf3 Ne4 7. Bxe7 Qxe7 8.
Nxd5 Qd6 9. Nc3 O-O 10. Nxe4 Qb4+ 11. Qd2 Nc6 12. a3 Qxd2+ 13. Nexd2 Rd8 14. e3
Bf5 15. Bb5 Ne7 16. O-O c6 17. Be2 Nd5 18. Ne5 Re8 19. Bc4 f6 20. Bxd5+ cxd5 21.
Nef3 Bd3 22. Rfc1 Rac8 23. Nb3 Rxc1+ 24. Rxc1 g5 25. Nc5 Be4 26. Nxe4 dxe4 27.
Nd2 f5 28. Rc5 Rf8 29. Rc7 Rf7 30. Rxf7 Kxf7 31. f3 exf3 32. Nxf3 Kg6 33. Ne5+
Kf6 34. h3 f4 35. exf4 gxf4 36. Kf2 Ke6 37. Kf3 Kd5 38. Kxf4 Kxd4 39. g4 b5 40.
g5 a5 41. h4 Kc5 42. h5 b4 43. axb4+ Kxb4 44. g6 hxg6 45. hxg6 a4 46. g7 Kb3 47.
Nd3 Kc2 48. Ke4 1-0